000 00377nam a2200133Ia 4500
008 231129s9999||||xx |||||||||||||| ||spa||
020 _a958-30-0527-4
040 _bspa
082 _a925.8 E77b
100 _aEspaƱa Gonzalo
245 0 _aPierre Bourguer: El maestro del sabio
264 _aColciencias : Panamericana
942 _2ddc
_cBKS
999 _c22755
_d22755